Turystyka w ujeciu globalnym i lokalnym

Salvato in:
Dettagli Bibliografici
Altri autori: Golembski, Grzegorz
Natura: Libro
Lingua:polacco
Pubblicazione: Poznan Wydawnictwo Akademii Ekonomicznej w Poznaniu 2004
Serie:Zeszyty naukowe 53
Soggetti:
Tags: Aggiungi Tag
Nessun Tag, puoi essere il primo ad aggiungerne!!

MARC

LEADER 00000nam$a2200000$$$4500
001 0031214
005 20240104134538.9
020 |a 83-7417-059-X 
022 |a 1641-2168 
041 0 |a pol 
044 |a PL 
245 1 0 |a Turystyka w ujeciu globalnym i lokalnym  |c Redaktor naukowy: Grzegorz Golembski 
264 1 |a Poznan  |b Wydawnictwo Akademii Ekonomicznej w Poznaniu  |c 2004 
300 |a 188 s. 
490 1 |a Zeszyty naukowe  |v 53 
830 0 |a Zeszyty naukowe  |v 53 
610 2 0 |a turistika 
610 2 0 |a doprava letecká osobná 
610 2 0 |a kúpele 
610 2 0 |a hotely 
610 2 0 |a hotelierstvo 
610 2 0 |a kvalita 
610 2 0 |a kontrola 
610 2 0 |a samospráva miestna 
610 2 0 |a rozvoj investičný 
610 2 0 |a globalizácia 
610 2 0 |a Poľsko 
700 1 |a Golembski, Grzegorz